01014nam a2200217 a 450000100100000000500170001000800410002704000250006808200150009310000360010824500950014426000440023930000210028350000640030470000520036804900090042095201130042995201180054295201190066099900170077900002828920250124114731.0110407s2007 dr 000 | spa d aDO-SdBNPbspacBNPHU axxxbD919p1 aDunker L., José,d1943-9102710aPsicología del hombre caído /cJosé Dunker L. ; prólogo de Nelson Moreno Ceballos. aSanto Domingo :bEditora Búho,c2007. a133 p. ;c21 cm. aIncluye datos biográficos del autor en la contracubierta.1 aMoreno Ceballos, Nelson,d1946-epról.933018 aBNPD 0010718PDaPDbPDcCTd2011-04-07iLF1l0oxxx D919pp28289-10r2020-06-25w2020-06-25yLFPDZNo se presta 0010718PDaPDbPDcCTd2011-04-07iLF1l0oxxx D919pp28289-20r2020-06-25te.2w2020-06-25yLFPDZNo se presta 0010718DSaPDbPDcCTd2012-11-13iLF1l0oxxx D919pp28289-30r2020-06-25te. 3w2020-06-25yLFDSZNo se presta c27781d27781